| LEADER |
01281nam0a2200253 450 |
| 001 |
16844119 |
| 010 |
|
|
|a 978-2-203-09820-6
|b cart.
|d 13,95
|
| 100 |
|
|
|a 20171213d2016 u u0frey01 ba
|
| 101 |
1 |
|
|a fre
|c eng
|
| 102 |
|
|
|a BE
|
| 200 |
0 |
|
|a Petit Elliot dans la grande ville
|f Mike Curato
|g traduit par Rémi Stefani
|
| 207 |
|
1 |
|a
|
| 210 |
|
|
|a Tournai (Belgique)
|b 28 Rue des Soeurs Noires.
|c Casterman
|d 2016
|
| 215 |
|
|
|a [33] p.
|c illustrations en couleur
|d 29 cm
|
| 225 |
1 |
|
|a Petit Elliot
|
| 300 |
|
|
|a Prix des incos 2017/2018 maternelle
|
| 330 |
|
|
|a Petit Elliot l'éléphant vit seul à New York. Mais sa petite taille rend difficile tout ce qui paraît simple aux adultes et il doit redoubler d'astuces et de courage à chaque instant. Sa rencontre avec une souris encore plus petite que lui change la donne. Désormais il a une amie et ils peuvent s'entraider. Electre 2016
|
| 461 |
|
0 |
|t Petit Elliot
|
| 606 |
0 |
|
|a Solidarité
|
| 700 |
|
0 |
|a Curato
|b Mike
|4 70
|
| 702 |
|
0 |
|a Stefani
|b Rémi
|4 730
|
| 900 |
|
|
|a Album
|
| 901 |
|
|
|a Jeunesse
|
| 995 |
|
|
|a Médiathèque
|c Médiathèque
|f 089015696
|h 089015696
|k A CUR
|o p
|q j
|r az
|u Dernier emprunteur Mme Jacques le 06/12/2023, qui nous a signalé avoir rendu l'album. Je l'ai retiré de son prêt le 13/06/2024. Christine
|e Médiathèque
|